01689cam a22004094i 4500003000900000005001700009008004100026020001500067035002700082040003300109082002100142100002800163245011800191264005400309300003800363336002100401337002500422338002300447505053300470526001001003526001001013526001001023526001001033526000801043526000801051526000801059526000801067526000801075526000801083526000801091541001201099630004601111650003001157700003001187700003301217700002901250PE-LiUPU20250731173321.0150625s r 000 0 d a0801031737 a(Sirsi) i9780801031731 aPE-LiUPUbspacPE-LiUPUerda04a220.601bA222211 aAdam, A. K. M.,eautor.10aReading Scripture with the church :btoward a hermeneutic for theological interpretation /cA K. M. Adam [et al]. 1aGrand Rapids, Michigan :bBacker Academic,c2006. a155 páginas ;c22 centímetros atext2rdacontent aunmediated2rdamedia avolume2rdacarrier0 aEssays. -Poaching on Zion: Biblical theology as signifying practice. -The importance of a multivoiced literal sense of scripture: the example of Thomas Aquinas. -Imprisoned or Free? text, status, and tehological interpretation in the master/slave discourse of Philemon. -Are there still four gospels? a student in theological hermeneutics. -Responses. -Authors, readers, hermeneutics. -Further thoughts on theological interpretation. -Four theological faces of biblical interpretation. -Toward a resolution yet to Be revealed. aSEG42 aSEG41 aSEG40 aSEG39 aP94 aP87 aP86 aP85 aP77 aP76 aP35 g438621; aBibliaxCrítica, interpretación, etc.04aHermenéutica bíblica.1 aFowl, Stephen E.,eautor.1 aVanhoozer, Kevin J.,eautor.1 aWatson, Francis,eautor.